000 00494cam a2200193ua 4500
001 8152
005 20260515114311.0
008 150109n ii |||gr||||Z||||||hin
040 _cMAIN
041 _ahin
082 _a294.5
100 _aYadav, V. N.,
_eAuthor.
245 1 _aBhakti kalin sant sahitya :
_bKavyatmak addhyan /
_cBy Virendra Narayan Yadav .
250 _a1st.
260 _aVaranasi:
_bSanjay,
_c1987.
300 _a252p.
653 _aReligions ofIndic origin
942 _cBK
999 _c7262
_d7262